000 00289 a2200121 4500
001 147065
040 _cEscola São Tomás de Aquino
100 _aIACOCCA, Liliana
240 1 0 _aFarra no formigueiro
_lpor
245 1 0 _aFarra no formigueiro
697 _a*LITERATURA INFANTIL
942 _cBK
999 _c147065
_d147065